Biggest City of Each US State- Sudden Death - Statistics

General Stats
  • This quiz has been taken 76 times
  • The average score is 13 of 29
Answers on the Grid
Answers color-coded by a green-red scale on the quiz's grid according to % correct below.
Birmingham, AL
Fairbanks, AK
Phoenix, AZ
Little Rock, AR
San Francisco, CA
Denver, CO
Hartford, CT
Wilmington, DE
Orlando, FL
Atlanta, GA
Honolulu, HI
Boise, ID
Chicago, IL
Fort Wayne, IN
Cedar Rapids, IA
Topeka, KS
Louisville, KT
New Orleans, LA
Portland, ME
Baltimore, MD
Boston, MA
Detroit, MI
Minneapolis, MN
Gulfport, MS
St. Louis, MO
Missoula, MT
Omaha, NE
Las Vegas, NV
Concord, NH
Jersey City, NJ
Santa Fe, NM
New York City, NY
Charlotte, NC
Bismarck, ND
Cincinnati, OH
Oklahoma City, OK
Portland, OR
Pittsburgh, PA
Providence, RI
Columbia, SC
Sioux Falls, SD
Memphis, TN
Dallas, TX
Salt Lake City, UT
Burlington, VT
Richmond, VA
Seattle, WA
Charleston, WV
Milwaukee, WI
Cheyenne, WY
 
Answer Stats
Answer % Correct
Las Vegas, NV
67%
Atlanta, GA
60%
Honolulu, HI
60%
Phoenix, AZ
60%
Chicago, IL
57%
Denver, CO
57%
New York City, NY
53%
Salt Lake City, UT
53%
Seattle, WA
53%
Boston, MA
50%
Omaha, NE
50%
Portland, OR
50%
Providence, RI
50%
Baltimore, MD
47%
Milwaukee, WI
47%
New Orleans, LA
47%
Oklahoma City, OK
47%
Minneapolis, MN
43%
Boise, ID
40%
Burlington, VT
40%
Detroit, MI
40%
Little Rock, AR
40%
Portland, ME
37%
Charleston, WV
33%
Charlotte, NC
30%
Wilmington, DE
30%
Cheyenne, WY
27%
Louisville, KT
27%
Sioux Falls, SD
23%
No matching quizzes found
Score Distribution
Percent of People with Each Score
Percentile by Number Answered
Your Score History
You have not taken this quiz